000 00497nam a2200121Ia 4500
008 160712s9999 xx 000 0 und d
100 _aCarrubias Domingo, Leavides G.
245 _cLeavides G. Domingo Cabarrubias
_aGender Matters in the Call Center Industry: A Review of Literature on the Effects of Call Center Work on Women
260 _c2011
_bReview of Women's Studies
300 _avol. 21 no. 2
650 _xWOMEN
856 _uhttp://journals.upd.edu.ph/index.php/rws/issue/view/440/showToc
999 _c297697
_d297697